| 000 | 00897nam a22002537a 4500 | ||
|---|---|---|---|
| 003 | PE SENCICO BE | ||
| 005 | 20251020182624.0 | ||
| 008 | 230106b |||||||| |||| 00| 0 eng d | ||
| 020 | _a978-958-762-705-3 | ||
| 040 |
_aPE SENCICO BE _cPE SENCICO BE |
||
| 041 | _aspa | ||
| 082 |
_a720.47 _bD28M |
||
| 100 | 1 |
_9186 _aDe Garrido, Luis |
|
| 245 | 1 |
_aManual de arquitectura ecológica avanzada : _bmetodología de diseño para realizar una arquitectura con el máximo nivel ecológico posible / _cLuis De Garrido |
|
| 250 | _a1a ed. | ||
| 260 |
_aBogotá: _bEdiciones de la U, _c2017 |
||
| 300 |
_a351 p. : _bil., tabl.; _c29 cm. |
||
| 650 | 1 | 4 |
_9280 _aArquitectura sostenible |
| 650 | 2 | 4 |
_9406 _aEcología urbana |
| 650 | 2 | 4 |
_9189 _aArquitectura bioclimática |
| 650 | 2 | 0 |
_959 _aConstrucción de viviendas |
| 910 |
_bhfp _chfp |
||
| 942 |
_2ddc _cLIB _h720.47 _iD28M |
||
| 999 |
_c3755 _d3755 |
||